000 00505nam a2200181Ia 4500
005 20250326141425.0
008 250326s9999 xx 000 0 und d
037 _aTextbook
040 _aFMSL
_beng
_cFMSL
041 _aeng
_2eng
084 _aX:8HW N2
_qFMSL
100 _aMukho Padhyay A N
_9744407
245 0 _aLimitation of balance sheet
_cMukho Padhyay A N
260 _aLondon
_bLondon, Northon Book
_c1992
300 _a190p
942 _cTB
_hX:8HW N2
999 _c1290240
_d1290240